[Event "Concepcion Primera Categoria"]
[Site "Concepcion"]
[Date "2015.08.03"]
[Round "6"]
[White "Hidalgo Campos, Diego"]
[Black "Gutierrez Ortiz, Rene"]
[Result "0-1"]
[WhiteElo "1717"]
[BlackElo "1838"]
[PlyCount "28"]
[EventDate "2015.07.20"]
[EventType "tourn"]
[EventRounds "9"]
[EventCountry "CHI"]
[SourceTitle "EXT 2024"]
[Source "ChessBase"]
[SourceDate "2023.10.10"]
[SourceVersion "1"]
[SourceVersionDate "2023.10.10"]
[SourceQuality "1"]

1. d4 Nf6 2. Nf3 c5 3. d5 e6 4. c4 b5 5. b3 Nxd5 6. cxd5 Qf6 7. Nd4 cxd4 8. Bb2 Bb4+ 9. Nd2 Bb7 10. dxe6 fxe6 11. e3 0-0 12. Qe2 d3 13. Bxf6 dxe2 14. Bxe2 Rxf6 0-1

[Event "Concepcion Primera Categoria"]
[Site "Concepcion"]
[Date "2015.07.31"]
[Round "5"]
[White "Gutierrez Ortiz, Rene"]
[Black "Sanhueza Ortiz, Gonzalo"]
[Result "1-0"]
[WhiteElo "1838"]
[BlackElo "1924"]
[PlyCount "52"]
[EventDate "2015.07.20"]
[EventType "tourn"]
[EventRounds "9"]
[EventCountry "CHI"]
[SourceTitle "EXT 2024"]
[Source "ChessBase"]
[SourceDate "2023.10.10"]
[SourceVersion "1"]
[SourceVersionDate "2023.10.10"]
[SourceQuality "1"]

1. e4 e6 2. c4 g6 3. d4 Bg7 4. Nf3 c5 5. Nc3 cxd4 6. Nxd4 Ne7 7. Be2 a6 8. 0-0 0-0 9. Be3 Nbc6 10. Rc1 b6 11. Na4 Rb8 12. b3 Qc7 13. Nb5 axb5 14. cxb5 Rd8 15. Qc2 Qa7 16. bxc6 dxc6 17. Rfd1 Rxd1+ 18. Rxd1 Qc7 19. Qd3 Be5 20. g3 c5 21. f4 Bf6 22. Qd8+ Qxd8 23. Rxd8+ Kg7 24. e5 Bxe5 25. fxe5 Nc6 26. Re8 b5 1-0